Five Olympic Events Team USA Has Never Won A Medal In - Statistics

General Stats
  • This quiz has been taken 10 times
  • The average score is 3 of 5
Answer Stats
Answer % Correct
Badminton
90%
Handball
70%
Table tennis
70%
Trampoline
20%
Rhythmic gymnastics
10%
No matching quizzes found
Score Distribution
Percent of People with Each Score
Percentile by Number Answered
Your Score History
You have not taken this quiz